01587cas a2200397 4500003000400000005001700004008004100021022001700062040014000079082001400219222004400233245004400277246000900321300001500330310001400345336002200359337002500381338002300406362002300429541001200452650003400464650004900498650003400547650004500581650004100626650005400667650003200721650004300753650002600796650003400822710007800856710006200934780006100996780004501057785008701102OSt20241229144421.0090514c19579999iluqr p 0 a0eng 0 a0024-252721 aDLCcMnMULSdMBTIdCtYdDLCdNSDPdAIPdNSTdOCU-MdInUdOCoLCdDLCdOCoLCdDNALdOCoLCdMHdB2QdMH-LdOCoLCdDIBAMdNLGGCdNYDWHdWaU a025.06273 0aLibrary resources & technical services.00aLibrary resources & technical services.3 aLRTS av.c24 cm. aQuarterly atext2rda content aUnmediated2rdamedia avolume2rdacarrier0 av. 1- winter 1957- aDeposit 0aLibrary sciencevPeriodicals. 0aTechnical services (Libraries)vPeriodicals. 2aLibrary SciencevPeriodicals. 2aLibrary Technical ServicesvPeriodicals. 6aBibliothâeconomievPâeriodiques. 7aBIBLIOTECOLOGIAxPUBLICACIONES PERIODICAS.2renib 7aLIBRARY COLLECTIONS2unbist 7aTECHNICAL SERVICES (LIBRARIES)2unbist 7aUNITED STATES2unbist17aDocumentaire informatie.2gtt2 aAmerican Library Association.bResources and Technical Services Division.2 aAssociation for Library Collections & Technical Services.14tJournal of cataloging and classificationw(OCoLC)894195114tSerial slantsx0559-5258w(OCoLC)164143201tNew directions in technical servicesx1091-9066w(DLC) 97657814w(OCoLC)36037506